| 000 | 01228nam0a2200313 4500 | ||
|---|---|---|---|
| 001 | RU\NLR\bibl\541434 | ||
| 005 | 20260407064843.0 | ||
| 021 |
_aRU _b2004-35589 _91786 |
||
| 035 | _a(NLR Aleph) 000533676 | ||
| 090 |
_a1369110 _c1369110 |
||
| 100 | _a20040722d2004 |||y0rusy50 ca | ||
| 101 | 0 | _arus | |
| 102 | _aRU | ||
| 105 | _aa ||||||||| | ||
| 200 | 1 |
_aТы - Алексей Михайлович Романов _eКн.-игра для детей сред. и ст. шк. возраста _e6 эпизодов _fАвт. текста Анастасия Ярославцева _gХудож. Елена Павлова |
|
| 210 |
_aМ. _cЖурн. "Наша шк." _d2004 |
||
| 215 |
_a[16] с. _cцв. ил. _d29 |
||
| 300 | _aПрил. к журн. "Наша школа" | ||
| 422 | 0 |
_12001#$aНаша школа _tНаша школа |
|
| 686 | _aШ991 | ||
| 702 | 0 |
_4570 _7ca _8rus _aАлексей Михайлович _cцарь русский _f1629-1676 _9125103 _3RU\NLR\AUTH\7715454 |
|
| 702 | 1 |
_aЯрославцева _bА. _gАнастасия _4220 |
|
| 801 | 0 |
_aRU _bNLR _c20040722 _gPSBO |
|
| 801 | 1 |
_aRU _bNLR _c20040722 |
|
| 942 | _cBOOK | ||
| 980 | _aNB | ||